000 00553cam a22001577a 4500
008 180718b1894 xxu||||| |||| 00| 0 eng d
082 _aA6x54 R861/M926
100 _aBradshaw, John
245 _aSir Thomas Munro and the British settlement of the Madras presidency
_cby John Bradshaw
260 _aOxford
_bClarendon Press
_c1894
300 _a233p.
440 _aRulers of India
650 _aIndia --History --British occupation, 1765-1947
650 _aGovernors --India --Madras (Presidency) --Biography
650 _aMunro, Thomas, Sir, 1761-1827
999 _c438093
_d438093